L'art et formation humaine intégrale

Elmentve itt :
Bibliográfiai részletek
Szerző: Wojnar Irena
Dokumentumtípus: Cikk
Megjelent: 1970
Sorozat:Acta Universitatis Szegediensis de Attila József nominatae : sectio paedagogica et psychologica 14
Kulcsszavak:Neveléstudomány
Online Access:http://acta.bibl.u-szeged.hu/2158
LEADER 00658nab a2200181 i 4500
001 acta2158
005 20210608165211.0
008 161015s1970 hu o 0|| fre d
022 |a 0324-7260 
040 |a SZTE Egyetemi Kiadványok Repozitórium  |b hun 
041 |a fre 
100 1 |a Wojnar Irena 
245 1 0 |a L'art et formation humaine intégrale  |h [elektronikus dokumentum] /  |c  Wojnar Irena 
260 |c 1970 
300 |a 16-31 
490 0 |a Acta Universitatis Szegediensis de Attila József nominatae : sectio paedagogica et psychologica  |v 14 
695 |a Neveléstudomány 
856 4 0 |u http://acta.bibl.u-szeged.hu/2158/1/paed_psych_014_016-031.pdf  |z Dokumentum-elérés